India progressing. (Record no. 69901)

MARC details
000 -LEADER
fixed length control field 00861cam a22002411 4500
001 - CONTROL NUMBER
control field sa 66005344
003 - CONTROL NUMBER IDENTIFIER
control field DLC
005 - DATE AND TIME OF LATEST TRANSACTION
control field 20260227112248.0
008 - FIXED-LENGTH DATA ELEMENTS--GENERAL INFORMATION
fixed length control field 820406s1965 ii a 000 0 eng
010 ## - LIBRARY OF CONGRESS CONTROL NUMBER
LC control number sa 66005344
035 ## - SYSTEM CONTROL NUMBER
System control number (OCoLC)8313917
040 ## - CATALOGING SOURCE
Original cataloging agency DLC
Transcribing agency ViU
Modifying agency DLC
042 ## - AUTHENTICATION CODE
Authentication code premarc
050 00 - LIBRARY OF CONGRESS CALL NUMBER
Classification number DS423
Item number .I42
082 ## - DEWEY DECIMAL CLASSIFICATION NUMBER
Classification number 915.4034
100 1# - MAIN ENTRY--PERSONAL NAME
Personal name Parekh, Kishor,
Dates associated with a name 1930-1982.
245 10 - TITLE STATEMENT
Title India progressing.
Statement of responsibility, etc. [The theme of this presentation was conceived by G. D. Birla and worked out in detail by Kishore Parekh ... who did the photography, photo-editing, and layout.
260 ## - PUBLICATION, DISTRIBUTION, ETC.
Place of publication, distribution, etc. New Delhi,
Name of publisher, distributor, etc. Hindustan Times,
Date of publication, distribution, etc. 1965?]
300 ## - PHYSICAL DESCRIPTION
Extent 1 v.
Other physical details (chiefly illus. (part col.))
Dimensions 36 cm.
651 #0 - SUBJECT ADDED ENTRY--GEOGRAPHIC NAME
Geographic name India
General subdivision Civilization
Form subdivision Pictorial works.
650 #0 - SUBJECT ADDED ENTRY--TOPICAL TERM
Topical term or geographic name entry element Industries
Geographic subdivision India
Form subdivision Pictorial works.
700 1# - ADDED ENTRY--PERSONAL NAME
Personal name Biṛalā, Ghanaśyāmadāsa,
Dates associated with a name 1894-1983.

No items available.

Powered by Koha